Postavení a vztahy Evropské unie a USA v měnící se globální ekonomice souhrnná publikace z vědeckopopularizační konference pořádané dne 10. dubna 2015 v Brně ...

Saved in:
Bibliographic Details
Format: Book
Language:Czech
Published: Praha NEWTON College 2015
Subjects:
Tags: Add Tag
No Tags, Be the first to tag this record!

MARC

LEADER 00000nam a2200000 4500
001 0211892
005 20240315114633.6
020 |a 978-80-87764-04-6 
041 0 |a cze 
044 |a CZ 
245 1 0 |a Postavení a vztahy Evropské unie a USA v měnící se globální ekonomice  |b souhrnná publikace z vědeckopopularizační konference pořádané dne 10. dubna 2015 v Brně ... 
264 1 |a Praha  |b NEWTON College  |c 2015 
300 |a 122 s. 
500 |a Vydané ve spolupráci se Vzdělávacím střediskem na podporu demokracie. 
610 2 0 |a vzťahy medzinárodné 
610 2 0 |a politika medzinárodná 
610 2 0 |a globalizácia hospodárstva 
610 2 0 |a politika zahraničná 
610 2 0 |a politika bezpečnostná 
610 2 0 |a Európska únia 
610 2 0 |a USA